| 000 | 00589nmm a2200193Ia 4500 | ||
|---|---|---|---|
| 008 | 251105s9999||||xx |||||||||||||||||und|| | ||
| 020 | _a9788490656914 | ||
| 041 | _aspa | ||
| 100 | _aDenny Berry | ||
| 245 | 0 | _aCómo prepararse para una audición de teatro musical | |
| 264 |
_a[Madrid, España] : _bAlba Editorial, _c[Fecha de publicación no identificada] |
||
| 300 | _a0 páginas | ||
| 490 | _aArtes escénicas | ||
| 650 | _aTheater / Drama | ||
| 700 | _aDenny Berry | ||
| 700 | 1 | _a Berástegui, Manu | |
| 856 | _uhttps://public.digitaliapublishing.com/a/119495 | ||
| 942 | _cCF | ||
| 999 |
_c64667 _d64667 |
||